| 000 | 02553nad a2200637 a 4500 | ||
|---|---|---|---|
| 001 | MIU01200000000000000000099 | ||
| 003 | MiU | ||
| 005 | 20231010140922.0 | ||
| 007 | cr mnummmmuuuu | ||
| 008 | 190927s2012 nju sb 001 0 eng d | ||
| 010 | _a2011031843 | ||
| 020 |
_z9780691124162 _qhardcover : _qalk. paper |
||
| 020 | _z9781400842568 | ||
| 024 | 7 |
_a2027/heb34141 _2hdl |
|
| 040 |
_aMiU _cMiU |
||
| 100 | 1 |
_aVogel, David, _d1947- _931522 |
|
| 245 | 1 | 4 |
_aThe politics of precaution _h[electronic resource] : _bregulating health, safety, and environmental risks in Europe and the United States / _cDavid Vogel. |
| 300 |
_axiv, 317 p. : _c24 cm. |
||
| 500 | _aPublished by Princeton University Press. | ||
| 500 | _aThis book has been composed in Sabon. | ||
| 500 | _aPrinted on acid-free paper. | ||
| 500 | _aPrinted in the United States of America. | ||
| 504 | _aIncludes bibliographical references and index. | ||
| 505 | 0 | _aThe Transatlantic Shift in Regulatory Stringency -- Explaining Regulatory Policy Divergence -- Food Safety and Agriculture -- Air Pollution -- Chemicals and Hazardous Substances -- Consumer Safety -- Public Risk Perceptions and the Preferences of Policy Makers -- The Law and Politics of Risk Assessment -- Broader Implications. | |
| 650 | 0 |
_zEurope. _92420 |
|
| 650 | 0 |
_zUnited States. _920486 |
|
| 650 | 0 |
_zEurope. _92420 |
|
| 650 | 0 |
_zUnited States. _920486 |
|
| 650 | 0 |
_zEurope. _92420 |
|
| 650 | 0 |
_zUnited States. _920486 |
|
| 650 | 0 |
_zEurope. _92420 |
|
| 650 | 0 |
_zUnited States. _920486 |
|
| 651 | 0 |
_aEuropean 1 : _xGeneral & Multiperiod. _931523 |
|
| 651 | 0 |
_aAmerican 1 : _xGeneral & Multiperiod. _931524 |
|
| 830 | 0 |
_aACLS Humanities E-Book. _931525 |
|
| 856 | 4 | 0 |
_zVolltext _uhttps://hdl.handle.net/2027/heb34141 |
| 942 | _cEB | ||
| 500 | _aE-Book-ACLS / Zugriff nur im DHI-Lesesaal | ||
| 653 | _aConsumer protection | ||
| 653 | _aConsumer protection | ||
| 653 | _aSafety regulations | ||
| 653 | _aSafety regulations | ||
| 653 | _aPublic health laws | ||
| 653 | _aPublic health laws | ||
| 653 | _aEnvironmental policy | ||
| 653 | _aEnvironmental policy | ||
| 653 | _aPolitical Science. | ||
| 336 |
_2rdacontent _btxt _aText |
||
| 337 |
_2rdamedia _bbc _aComputermedien |
||
| 338 |
_2rdacarrier _bcr _aOnline Ressource |
||
| 264 |
_aPrinceton, New Jersey ; _bPrinceton University Press, _c2012. |
||
| 041 | _aeng | ||
| 500 | _aAmerican Council of Learned Societies/ https://www.humanitiesebook.org/about/ | ||
| 999 |
_c64078 _d64078 |
||